England (2014) Cricket test team - Statistics

General Stats
  • This quiz has been taken 704 times
    698 since last reset
  • The average score is 11 of 19
Answer Stats
Hint Answer % Correct
no.11 James Anderson
95%
no.10 Stuart Broad
94%
(Captain) no.1 Alastair Cook
93%
no.5 Joe Root
90%
no.4 Ian Bell
81%
no.6 Moeen Ali
74%
(WK) during the ashes Jonathan Bairstow
72%
(no.6-9) Ben Stokes
71%
(WK) Matt Prior
69%
no.7 (WK) Jos Buttler
66%
Kicked out in febuary Kevin Pietersen
62%
no.8 Chris Woakes
53%
no.3 Gary Ballance
42%
no.2 Sam Robson
34%
opening bat Michael Carberry
33%
no.9 Chris Jordan
27%
Bowler Liam Plunkett
26%
Bowler during the ashes William Rankin
17%
Bowler during the ashes Scott Borthwick
14%
No matching quizzes found
Score Distribution
Percent of People with Each Score
Percentile by Number Answered
Your Score History
You have not taken this quiz since the last reset